000 00685nam a2200289Ia 4500
005 20260324124655.0
008 008 260324s9999 xx 000 0 eng d
020 _a9780203851289
037 _aEBOOK
040 _aCRL
040 _beng
040 _cCRL
041 _2eng
041 _aeng
084 _qCRL
100 _aAnna Marmodoro
_91175064
245 4 _aThe Metaphysics of Powers
245 0 _bTheir Grounding and their Manifestations
260 _bTaylor and Francis
260 _c2010
365 _a
365 _b255
856 _uhttp://www.taylorfrancis.com/books/9780203851289
942 _cEBOOK
999 _c1769643
_d1769643